[Event "Nuremberg Zabo op 23rd"]
[Site "Nuremberg"]
[Date "2023.09.16"]
[Round "2"]
[White "Naegelein, Louis"]
[Black "Tekten, Cinar"]
[Result "1-0"]
[WhiteElo "1324"]
[BlackElo "950"]
[PlyCount "39"]
[EventDate "2023.09.15"]
[EventType "swiss"]
[EventRounds "5"]
[EventCountry "GER"]
[SourceTitle "EXT 2024"]
[Source "ChessBase"]
[SourceDate "2023.10.10"]
[SourceVersion "1"]
[SourceVersionDate "2023.10.10"]
[SourceQuality "1"]

1. e4 c5 2. d4 cxd4 3. c3 dxc3 4. Nxc3 e5 5. Nf3 Nc6 6. Be3 Nf6 7. Bd3 d6 8. 0-0 Be6 9. a3 g6 10. Qd2 Bg7 11. h3 Rc8 12. Rac1 b6 13. Bb1 0-0 14. Nd5 Bd7 15. Bh6 Nxd5 16. exd5 Bxh6 17. Qxh6 Ne7 18. Ng5 Re8 19. Qxh7+ Kf8 20. Qxf7# 1-0